Entry Nombre personal
001 - NÚMERO DE CONTROL
- campo de control: 133820
003 - IDENTIFICADOR DE NÚMERO DE CONTROL
- campo de control: SpMaBN
005 - FECHA Y HORA DE LA ÚLTIMA TRANSACCIÓN
- campo de control: 20250728035441.0
008 - ELEMENTOS DE DATO DE LONGITUD-FIJA
- campo de control de longitud fija: 000401nn ainnnaabn a aaa
010 ## - NÚMERO DE CONTROL DE LA BIBLIOTECA DEL CONGRESO
- Número de control de LC: XX1484873
016 ## - NÚMERO DE CONTROL DE UNA AGENCIA BIBLIOGRÁFICA NACIONAL
- Número de control del registro: BNE20003150010
024 7# - IDENTIFICADOR DE OTROS ESTÁNDARES
- Número estándar o código: http://www.wikidata.org/entity/Q64714
- Fuente: wikidata
024 7# - IDENTIFICADOR DE OTROS ESTÁNDARES
- Número estándar o código: http://viaf.org/viaf/74630843/
- Fuente: viaf
024 7# - IDENTIFICADOR DE OTROS ESTÁNDARES
- Número estándar o código: https://isni.org/isni/000000010916523X
- Fuente: isni
040 ## - FUENTE DE CATALOGACIÓN
- Centro catalogador/agencia de origen: SpMaBN
- Lengua de catalogación: spa
- Centro/agencia transcriptor: SpMaBN
- Normas de descripción: rdc
- Convención/Normas de encabezamiento de materia/tesauro: embne
046 ## - FECHAS CON CODIFICACIÓN ESPECIAL
- Fecha de nacimiento: 1834
- Fecha de la muerte: 1898
100 1# - ENCABEZAMIENTO-NOMBRE DE PERSONA
- Nombre de persona: Vogel, Hermann Wilhelm,
- Fechas asociadas al nombre: 1834-1898
370 ## - LUGAR ASOCIADO
- Lugar de nacimiento: Doberlug-Kirchhain
- Fuente de información: Wikidata
373 ## - GRUPO ASOCIADO
- Grupo asociado: Academia Alemana de las Ciencias Naturales Leopoldina
- Fuente de información: Wikidata
374 ## - OCUPACIÓN
- Ocupación: Fotógrafos
- Ocupación: Químicos
- Fuente de información: Wikidata
375 ## - GÉNERO/SEXO
- Género: Masculino
- Fuente de información: Wikidata
377 ## - IDIOMA ASOCIADO
- Código del idioma: ger
- Término de lengua/lenguaje: Alemán
400 1# - TRAZADO DE VÉASE--NOMBRE DE PERSONA
- Nombre de persona: Vogel, Hermann,
- Fechas asociadas al nombre: 1834-1898
400 1# - TRAZADO DE VÉASE--NOMBRE DE PERSONA
- Nombre de persona: Vogel, H.,
- Fechas asociadas al nombre: 1834-1898
670 ## - FUENTE DE DATOS ENCONTRADOS
- Cita de la fuente: Handbook of the practice and art of photography, 1871
- Información encontrada: port. (Hermann Vogel; Teacher of Photography at the Royal Technical Academy at Berlin)
670 ## - FUENTE DE DATOS ENCONTRADOS
- Cita de la fuente: La photographie et la chimie de la lumière, 1876
- Información encontrada: port. (par H. Vogel)
670 ## - FUENTE DE DATOS ENCONTRADOS
- Cita de la fuente: WWW DNB GND, 7-3-2016
- Información encontrada: (Vogel, Hermann Wilhelm; 1834-1898; Photochemiker)
